Регионална библиотека "Любен Каравелов" - Русе

Гераците (Запис номер 162463)

MARC детайли
000 -Лидер
Контролно поле с фиксирана дължина 01384nam a2200349 a 4500
003 - Код на организацията, давaща контролен номер
Контролно поле BLK
005 - Дата и час на последна редакция
Контролно поле 20240604005401.0
008 - Елементи от данни с фиксирана дължина
fixed length control field 180410b bul|||||r ||||||| ||bul||
010 ## - Наследен системен номер
LC control number KNG00169841000
040 ## - Източник на каталожния запис
Идентификатор на билиотеката - собственик на записа BLK
041 ## - Код за език
Код за езика на текст/звукозапис или на отделно заглавие Български
Код за езика КДБФ Български
080 ## - УДК
Текстов определител УДК Българска литература
УДК код - определител по УДК 821.163.2
УДК определител -32
УДК - код + определител 821.163.2-32
080 ## - УДК
Текстов определител УДК Българска литература
УДК код - определител по УДК 821.163.2
УДК определител -93-32
УДК - код + определител 821.163.2-93-32
100 ## - Редна дума - Автор
Автор Елин Пелин
Пълна форма на името Стоянов, Димитър Иванов
R(LIN) 363511
139 ## - Редно поле
Редна дума Елин Пелин
Авторски знак Елин Пелин - Е 53
245 10 - Сведения за заглавието
Заглавие Гераците
Подзаглавни данни Повест
Редно поле (дума) Елин Пелин; предг. от Петър Станев Пондев; * Димитър Иванов Стоянов.
250 ## - Област на изданието
Сведения за изданието 5. изд.
257 ## - Страна на издаване
Страна на създаване/издаване България
260 ## - Област на издателските данни
Място на издаване, разпространение и проч. София
Име на издателя, разпространителя и проч. Бълг. писател
Година на издаване 1966
300 ## - Физическа характеристика
Страници 68 с.
Размери/Мащаб 25 см
380 ## - Жанр
Жанр Худож. лит.
490 ## - СЕРИИ (Колекции)
Име на серия Библиотека за ученика
9 (RLIN) 201322
500 ## - Общи забележки
Забележка 1. изд. 1960. - Елин Пелин - псевд. на Димитър Иванов Стоянов.
700 ## - Други автори (авторска отговорност)
Лично име Пондев, Петър Станев
9 (RLIN) 367591
700 1# - Други автори (авторска отговорност)
Лично име Стоянов, Димитър Иванов
Автороска отговорност (Описва отношението между автора и произведението) *
9 (RLIN) 365019
852 ## - Местоположение
Форматна сигнатура Цб 38071
Фондова буква Хранилище
856 4# - Електронен адрес и достъп
Електронен формат pdf - файл
856 4# - Електронен адрес и достъп
Електронен формат pdf - файл
999 ## - СИСТЕМНИ КОНТРОЛНИ НОМЕРА
Koha biblionumber 162463
Koha biblioitemnumber 162463
942 ## - АРТИКУЛИ
Вид на библиотечния материал Книги
Скрит в OPAC Не
Периодичен библиозапис Да
944 ## - СЪЗДАВАНЕ И РЕДАКЦИЯ на ЗАПИСА
Създаване/Редакция Създаване
Дата на регистрацията/редакция 20.01.2015
Служител, извършил регистрацията/редакцията
Статус, дата на статуса CRON CRON
944 ## - СЪЗДАВАНЕ И РЕДАКЦИЯ на ЗАПИСА
Създаване/Редакция Редакция
Дата на регистрацията/редакция 20.01.2015
Служител, извършил регистрацията/редакцията Милена_Ачева
Наличности
Код за отписване Код за изгубен артикул Източник на класификационната схема Код за повреда Коз за рестрикции Код за отдаване Артикулен № Име на библиотеката - собственик Име на библиотеката, в която се намира в момента Статус (Текущо местоположение) Дата на вписване в системата Местоположение - отдел Цена в лева Инвентарен номер Систематично азбучна сигнатура Баркод Номер на екземпляра Цена в евро Служебна бележка Служебен тип на артикула
  Не е изгубен Universal Decimal Classification Не е повреден само за читалня ползва се в читалня 271220 Регионална библиотека "Любен Каравелов" Русе Регионална библиотека "Любен Каравелов" Русе Хранилище 1966-01-01 Хранилище 0.18 9588/66 Цб 38071 900000097889 1 0.09 Дост: Dp Вид: Д N: стар фонд Дата: 01.01.1966 Книги
Изтеглен Не е изгубен Universal Decimal Classification Не е повреден без рестрикции заемане за дома 271221 Регионална библиотека "Любен Каравелов" Русе Регионална библиотека "Любен Каравелов" Русе Детски отдел 1966-01-01 Детски отдел 0.00 9774/66 ДХ 886.7/Е 53 9774/66 2 0.00 Вид: Сф N: стар фонд Дата: 01.01.1966 Книги
Vip Innovations Ltd, Rousse, Bulgaria 2025